[Event "Amsterdam Science Park 2023"]
[Site "Science Park, Amsterdam, Netherlands"]
[Date "2023.07.17"]
[Round "3.6"]
[White "Emans, Job"]
[Black "De Winter, Arthur"]
[Result "1/2-1/2"]
[WhiteElo "2059"]
[BlackElo "2378"]

1. d4 {[%clk 01:30:55]} {[%emt 00:00:04]} Nf6 {[%clk 01:30:57]} {[%emt
00:00:03]} 2. c4 {[%clk 01:31:18]} {[%emt 00:00:07]} g6 {[%clk 01:31:24]}
{[%emt 00:00:03]} 3. Nc3 {[%clk 01:31:40]} {[%emt 00:00:08]} Bg7 {[%clk
01:31:49]} {[%emt 00:00:04]} 4. Nf3 {[%clk 01:31:56]} {[%emt 00:00:14]} O-O
{[%clk 01:32:12]} {[%emt 00:00:07]} 5. g3 {[%clk 01:32:12]} {[%emt 00:00:15]}
d6 {[%clk 01:32:21]} {[%emt 00:00:20]} 6. Bg2 {[%clk 01:32:30]} {[%emt
00:00:12]} c5 {[%clk 01:32:24]} {[%emt 00:00:27]} 7. dxc5 {[%clk 01:28:19]}
{[%emt 00:04:41]} dxc5 {[%clk 01:32:48]} {[%emt 00:00:06]} 8. Qxd8 {[%clk
01:28:41]} {[%emt 00:00:08]} Rxd8 {[%clk 01:33:13]} {[%emt 00:00:05]} 9. Be3
{[%clk 01:29:05]} {[%emt 00:00:06]} Na6 {[%clk 01:26:24]} {[%emt 00:07:19]} 10.
h3 {[%clk 01:22:20]} {[%emt 00:07:15]} Be6 {[%clk 01:22:18]} {[%emt 00:04:35]}
11. Nd2 {[%clk 01:05:20]} {[%emt 00:17:30]} Rd7 {[%clk 01:21:52]} {[%emt
00:00:57]} 12. Rc1 {[%clk 01:05:37]} {[%emt 00:00:13]} Rad8 {[%clk 01:12:35]}
{[%emt 00:09:46]} 13. a3 {[%clk 01:00:04]} {[%emt 00:06:04]} h5 {[%clk
01:00:53]} {[%emt 00:12:12]} 14. b3 {[%clk 00:36:21]} {[%emt 00:24:14]} Ne8
{[%clk 00:59:14]} {[%emt 00:02:08]} 15. Nde4 {[%clk 00:34:34]} {[%emt
00:02:18]} f5 {[%clk 00:44:05]} {[%emt 00:15:39]} 16. Nd2 {[%clk 00:32:46]}
{[%emt 00:02:18]} Be5 {[%clk 00:41:58]} {[%emt 00:02:36]} 17. Na4 {[%clk
00:27:03]} {[%emt 00:06:14]} h4 {[%clk 00:36:50]} {[%emt 00:05:38]} 18. Nf3
{[%clk 00:26:42]} {[%emt 00:00:51]} Bc7 {[%clk 00:37:15]} {[%emt 00:00:05]} 19.
O-O {[%clk 00:20:38]} {[%emt 00:06:33]} hxg3 {[%clk 00:37:33]} {[%emt
00:00:13]} 20. fxg3 {[%clk 00:20:25]} {[%emt 00:00:44]} Bxg3 {[%clk 00:36:41]}
{[%emt 00:01:21]} 21. Ng5 {[%clk 00:20:21]} {[%emt 00:00:34]} Bf7 {[%clk
00:35:33]} {[%emt 00:01:37]} 22. Nxc5 {[%clk 00:19:45]} {[%emt 00:01:07]} Nxc5
{[%clk 00:35:54]} {[%emt 00:00:09]} 23. Bxc5 {[%clk 00:20:13]} {[%emt
00:00:02]} b6 {[%clk 00:31:34]} {[%emt 00:04:50]} 24. Be3 {[%clk 00:20:19]}
{[%emt 00:00:23]} Be5 {[%clk 00:29:22]} {[%emt 00:02:43]} 25. Rc2 {[%clk
00:18:34]} {[%emt 00:02:15]} Bd4 {[%clk 00:26:48]} {[%emt 00:03:04]} 26. Bxd4
{[%clk 00:15:39]} {[%emt 00:03:26]} Rxd4 {[%clk 00:27:14]} {[%emt 00:00:03]} 27.
Nxf7 {[%clk 00:16:05]} {[%emt 00:00:04]} Kxf7 {[%clk 00:27:41]} {[%emt
00:00:03]} 28. b4 {[%clk 00:16:20]} {[%emt 00:00:16]} Nd6 {[%clk 00:25:21]}
{[%emt 00:02:49]} 29. c5 {[%clk 00:14:47]} {[%emt 00:02:04]} Nc4 {[%clk
00:24:04]} {[%emt 00:01:46]} 30. Rc3 {[%clk 00:13:11]} {[%emt 00:02:06]} b5
{[%clk 00:19:12]} {[%emt 00:05:22]} 31. Bc6 {[%clk 00:08:46]} {[%emt 00:04:55]}
Rb8 {[%clk 00:18:20]} {[%emt 00:01:21]} 32. e3 {[%clk 00:07:59]} {[%emt
00:01:17]} Rh4 {[%clk 00:16:31]} {[%emt 00:02:18]} 33. Bd5+ {[%clk 00:02:19]}
{[%emt 00:06:11]} e6 {[%clk 00:16:41]} {[%emt 00:00:20]} 34. Bxc4 {[%clk
00:02:36]} {[%emt 00:00:13]} bxc4 {[%clk 00:17:01]} {[%emt 00:00:10]} 35. Kg2
{[%clk 00:02:29]} {[%emt 00:00:38]} Rbh8 {[%clk 00:13:48]} {[%emt 00:03:42]} 36.
c6 {[%clk 00:02:08]} {[%emt 00:00:51]} Rxh3 {[%clk 00:12:18]} {[%emt 00:02:00]}
37. Rxc4 {[%clk 00:02:34]} {[%emt 00:00:04]} Rh2+ {[%clk 00:07:42]} {[%emt
00:05:06]} 38. Kg1 {[%clk 00:03:01]} {[%emt 00:00:04]} Rh1+ {[%clk 00:07:36]}
{[%emt 00:00:35]} 39. Kf2 {[%clk 00:03:17]} {[%emt 00:00:13]} R1h2+ {[%clk
00:07:27]} {[%emt 00:00:39]} 40. Kg1 {[%clk 00:02:44]} {[%emt 00:01:04]} Rh1+
{[%clk 00:07:06]} {[%emt 00:00:51]} 41. Kf2 {[%clk 00:00:33]} {[%emt 00:02:41]}
R1h2+ {[%clk 00:04:16]} {[%emt 00:03:19]} 1/2-1/2

[Event "Amsterdam Science Park 2023"]
[Site "Science Park, Amsterdam, Netherlands"]
[Date "2023.07.17"]
[Round "3.7"]
[White "Romkes, Abel"]
[Black "Blees, Albert"]
[Result "0-1"]
[WhiteElo "2054"]
[BlackElo "2319"]

1. d4 {[%clk 01:30:57]} {[%emt 00:00:02]} e6 {[%clk 01:29:08]} {[%emt
00:01:51]} 2. c4 {[%clk 01:31:16]} {[%emt 00:00:11]} c5 {[%clk 01:29:17]}
{[%emt 00:00:21]} 3. d5 {[%clk 01:31:32]} {[%emt 00:00:15]} exd5 {[%clk
01:29:38]} {[%emt 00:00:09]} 4. cxd5 {[%clk 01:31:56]} {[%emt 00:00:06]} d6
{[%clk 01:29:58]} {[%emt 00:00:09]} 5. Nc3 {[%clk 01:31:57]} {[%emt 00:00:30]}
g6 {[%clk 01:30:15]} {[%emt 00:00:12]} 6. e4 {[%clk 01:30:41]} {[%emt
00:01:46]} Bg7 {[%clk 01:29:24]} {[%emt 00:01:21]} 7. Bd3 {[%clk 01:29:38]}
{[%emt 00:01:34]} a6 {[%clk 01:28:36]} {[%emt 00:01:18]} 8. a4 {[%clk
01:29:33]} {[%emt 00:00:36]} Ne7 {[%clk 01:27:09]} {[%emt 00:01:56]} 9. h4
{[%clk 01:25:03]} {[%emt 00:05:00]} h6 {[%clk 01:22:20]} {[%emt 00:05:18]} 10.
Bf4 {[%clk 01:21:34]} {[%emt 00:04:00]} Qc7 {[%clk 01:20:35]} {[%emt 00:02:15]}
11. Qd2 {[%clk 01:17:12]} {[%emt 00:04:52]} Nd7 {[%clk 01:20:12]} {[%emt
00:00:53]} 12. Nf3 {[%clk 01:14:09]} {[%emt 00:03:34]} Rb8 {[%clk 01:19:54]}
{[%emt 00:00:47]} 13. Rc1 {[%clk 01:00:19]} {[%emt 00:14:21]} f6 {[%clk
01:04:35]} {[%emt 00:15:48]} 14. b4 {[%clk 00:42:12]} {[%emt 00:18:37]} b6
{[%clk 00:59:38]} {[%emt 00:05:26]} 15. a5 {[%clk 00:33:44]} {[%emt 00:09:00]}
bxa5 {[%clk 00:50:23]} {[%emt 00:09:43]} 16. bxc5 {[%clk 00:33:41]} {[%emt
00:00:33]} Nxc5 {[%clk 00:50:43]} {[%emt 00:00:11]} 17. Na4 {[%clk 00:32:12]}
{[%emt 00:02:00]} Nxd3+ {[%clk 00:43:48]} {[%emt 00:07:23]} 18. Qxd3 {[%clk
00:32:36]} {[%emt 00:00:07]} Qd8 {[%clk 00:42:06]} {[%emt 00:02:11]} 19. O-O
{[%clk 00:27:27]} {[%emt 00:05:40]} Rb4 {[%clk 00:42:20]} {[%emt 00:00:16]} 20.
Qc2 {[%clk 00:26:08]} {[%emt 00:01:49]} f5 {[%clk 00:40:26]} {[%emt 00:02:23]}
21. Nc3 {[%clk 00:23:32]} {[%emt 00:03:06]} O-O {[%clk 00:39:09]} {[%emt
00:01:47]} 22. Bh2 {[%clk 00:17:43]} {[%emt 00:06:19]} fxe4 {[%clk 00:38:08]}
{[%emt 00:01:31]} 23. Nxe4 {[%clk 00:17:55]} {[%emt 00:00:18]} Bf5 {[%clk
00:38:20]} {[%emt 00:00:18]} 24. Nfd2 {[%clk 00:17:31]} {[%emt 00:00:55]} Kh7
{[%clk 00:31:36]} {[%emt 00:07:13]} 25. Rfe1 {[%clk 00:15:48]} {[%emt
00:02:14]} Nxd5 {[%clk 00:26:21]} {[%emt 00:05:44]} 26. Qc6 {[%clk 00:15:52]}
{[%emt 00:00:26]} Nf4 {[%clk 00:24:09]} {[%emt 00:02:42]} 27. Bxf4 {[%clk
00:07:29]} {[%emt 00:08:54]} Bxe4 {[%clk 00:24:28]} {[%emt 00:00:11]} 28. Nxe4
{[%clk 00:06:10]} {[%emt 00:01:49]} Rxf4 {[%clk 00:24:12]} {[%emt 00:00:45]} 29.
g3 {[%clk 00:05:47]} {[%emt 00:00:54]} Rf7 {[%clk 00:22:51]} {[%emt 00:01:49]}
30. Qxa6 {[%clk 00:02:14]} {[%emt 00:04:04]} d5 {[%clk 00:21:19]} {[%emt
00:02:01]} 31. Rcd1 {[%clk 00:02:14]} {[%emt 00:00:31]} Bd4 {[%clk 00:19:54]}
{[%emt 00:01:55]} 0-1

[Event "Amsterdam Science Park 2023"]
[Site "Science Park, Amsterdam, Netherlands"]
[Date "2023.07.17"]
[Round "3.8"]
[White "Butzen, Robin"]
[Black "Wunnink, Michael"]
[Result "1/2-1/2"]
[WhiteElo "2035"]
[BlackElo "2252"]

1. d4 {[%clk 01:29:20]} {[%emt 00:01:40]} Nf6 {[%clk 01:30:51]} {[%emt
00:00:09]} 2. c4 {[%clk 01:29:47]} {[%emt 00:00:04]} e6 {[%clk 01:31:11]}
{[%emt 00:00:08]} 3. Nc3 {[%clk 01:30:15]} {[%emt 00:00:03]} d5 {[%clk
01:30:46]} {[%emt 00:00:55]} 4. cxd5 {[%clk 01:30:17]} {[%emt 00:00:28]} exd5
{[%clk 01:30:57]} {[%emt 00:00:18]} 5. Bg5 {[%clk 01:30:34]} {[%emt 00:00:14]}
c6 {[%clk 01:30:16]} {[%emt 00:01:10]} 6. e3 {[%clk 01:30:53]} {[%emt
00:00:11]} h6 {[%clk 01:30:07]} {[%emt 00:00:39]} 7. Bh4 {[%clk 01:30:57]}
{[%emt 00:00:26]} Be7 {[%clk 01:30:09]} {[%emt 00:00:28]} 8. Bd3 {[%clk
01:30:54]} {[%emt 00:00:34]} O-O {[%clk 01:30:11]} {[%emt 00:00:28]} 9. Qc2
{[%clk 01:30:27]} {[%emt 00:00:57]} Re8 {[%clk 01:29:23]} {[%emt 00:01:17]} 10.
Nf3 {[%clk 01:26:07]} {[%emt 00:04:51]} Ne4 {[%clk 01:19:15]} {[%emt 00:10:38]}
11. Bxe7 {[%clk 01:22:16]} {[%emt 00:04:21]} Qxe7 {[%clk 01:19:35]} {[%emt
00:00:10]} 12. O-O {[%clk 01:14:23]} {[%emt 00:08:23]} Bf5 {[%clk 01:06:26]}
{[%emt 00:13:39]} 13. Nd2 {[%clk 01:01:03]} {[%emt 00:13:49]} Nd7 {[%clk
00:52:29]} {[%emt 00:14:27]} 14. Bxe4 {[%clk 00:51:05]} {[%emt 00:10:27]} dxe4
{[%clk 00:39:29]} {[%emt 00:13:29]} 15. Na4 {[%clk 00:40:33]} {[%emt 00:11:04]}
Qg5 {[%clk 00:34:16]} {[%emt 00:05:42]} 16. Kh1 {[%clk 00:40:21]} {[%emt
00:00:43]} Nf6 {[%clk 00:26:46]} {[%emt 00:08:00]} 17. Rfc1 {[%clk 00:32:06]}
{[%emt 00:08:45]} Qh4 {[%clk 00:23:52]} {[%emt 00:03:24]} 18. Nf1 {[%clk
00:29:02]} {[%emt 00:03:34]} Ng4 {[%clk 00:22:51]} {[%emt 00:01:30]} 19. f4
{[%clk 00:27:34]} {[%emt 00:01:59]} exf3 {[%clk 00:17:00]} {[%emt 00:06:21]} 20.
Qxf5 {[%clk 00:27:38]} {[%emt 00:00:26]} fxg2+ {[%clk 00:17:04]} {[%emt
00:00:27]} 21. Kxg2 {[%clk 00:27:32]} {[%emt 00:00:35]} Rxe3 {[%clk 00:17:23]}
{[%emt 00:00:12]} 22. Rc2 {[%clk 00:23:22]} {[%emt 00:04:40]} Rae8 {[%clk
00:17:17]} {[%emt 00:00:36]} 23. Nc3 {[%clk 00:21:14]} {[%emt 00:02:39]} R3e6
{[%clk 00:09:48]} {[%emt 00:07:59]} 24. Kg1 {[%clk 00:14:24]} {[%emt 00:07:20]}
Rf6 {[%clk 00:07:11]} {[%emt 00:03:07]} 25. Qd3 {[%clk 00:12:14]} {[%emt
00:02:39]} Nf2 {[%clk 00:06:14]} {[%emt 00:01:27]} 26. Qd2 {[%clk 00:08:39]}
{[%emt 00:04:05]} Nh3+ {[%clk 00:03:14]} {[%emt 00:03:29]} 27. Kh1 {[%clk
00:09:04]} {[%emt 00:00:05]} Nf2+ {[%clk 00:01:49]} {[%emt 00:01:56]} 28. Kg1
{[%clk 00:09:18]} {[%emt 00:00:16]} Nh3+ {[%clk 00:01:39]} {[%emt 00:00:41]} 29.
Kh1 {[%clk 00:09:43]} {[%emt 00:00:04]} Nf2+ {[%clk 00:01:26]} {[%emt
00:00:43]} 1/2-1/2

[Event "Amsterdam Science Park 2023"]
[Site "Science Park, Amsterdam, Netherlands"]
[Date "2023.07.17"]
[Round "3.9"]
[White "Lammens, Tim"]
[Black "Baarslag, Ed"]
[Result "1/2-1/2"]
[WhiteElo "2248"]
[BlackElo "2112"]

1. Nf3 {[%clk 01:30:59]} {[%emt 19:05:54]} d5 {[%clk 01:30:21]} {[%emt
00:00:39]} 2. g3 {[%clk 01:31:23]} {[%emt 00:00:05]} c5 {[%clk 01:29:59]}
{[%emt 00:00:52]} 3. Bg2 {[%clk 01:31:48]} {[%emt 00:00:05]} Nc6 {[%clk
01:28:43]} {[%emt 00:01:47]} 4. d4 {[%clk 01:31:41]} {[%emt 00:00:37]} e6
{[%clk 01:27:39]} {[%emt 00:01:34]} 5. O-O {[%clk 01:31:38]} {[%emt 00:00:32]}
Nf6 {[%clk 01:27:42]} {[%emt 00:00:27]} 6. c4 {[%clk 01:31:59]} {[%emt
00:00:10]} dxc4 {[%clk 01:27:09]} {[%emt 00:01:03]} 7. dxc5 {[%clk 01:32:13]}
{[%emt 00:00:16]} Qxd1 {[%clk 01:25:59]} {[%emt 00:01:40]} 8. Rxd1 {[%clk
01:32:41]} {[%emt 00:00:02]} Bxc5 {[%clk 01:25:35]} {[%emt 00:00:53]} 9. Nbd2
{[%clk 01:33:05]} {[%emt 00:00:05]} c3 {[%clk 01:24:27]} {[%emt 00:01:39]} 10.
bxc3 {[%clk 01:33:30]} {[%emt 00:00:05]} O-O {[%clk 01:24:01]} {[%emt
00:00:56]} 11. Nb3 {[%clk 01:33:47]} {[%emt 00:00:13]} Be7 {[%clk 01:23:49]}
{[%emt 00:00:42]} 12. c4 {[%clk 01:33:56]} {[%emt 00:00:22]} Bd7 {[%clk
01:22:24]} {[%emt 00:01:54]} 13. Bb2 {[%clk 01:34:19]} {[%emt 00:00:07]} Rfc8
{[%clk 01:19:10]} {[%emt 00:03:44]} 14. c5 {[%clk 01:33:04]} {[%emt 00:01:45]}
Be8 {[%clk 01:18:43]} {[%emt 00:00:57]} 15. Rac1 {[%clk 01:19:44]} {[%emt
00:13:50]} a5 {[%clk 01:13:57]} {[%emt 00:05:17]} 16. Nbd2 {[%clk 00:51:22]}
{[%emt 00:28:50]} Nb4 {[%clk 00:56:49]} {[%emt 00:17:40]} 17. a3 {[%clk
00:32:37]} {[%emt 00:19:16]} Na6 {[%clk 00:55:27]} {[%emt 00:01:52]} 18. Nc4
{[%clk 00:32:40]} {[%emt 00:00:27]} Rxc5 {[%clk 00:43:39]} {[%emt 00:12:18]} 19.
Nfe5 {[%clk 00:11:22]} {[%emt 00:21:48]} Rb5 {[%clk 00:34:51]} {[%emt
00:09:18]} 20. Bc3 {[%clk 00:07:52]} {[%emt 00:04:01]} Nc5 {[%clk 00:33:40]}
{[%emt 00:01:40]} 21. Rb1 {[%clk 00:07:24]} {[%emt 00:00:59]} Nd5 {[%clk
00:22:14]} {[%emt 00:11:56]} 22. Bxd5 {[%clk 00:05:00]} {[%emt 00:02:54]} exd5
{[%clk 00:22:38]} {[%emt 00:00:06]} 23. Rxb5 {[%clk 00:05:18]} {[%emt
00:00:12]} Bxb5 {[%clk 00:23:01]} {[%emt 00:00:05]} 24. Nb6 {[%clk 00:05:33]}
{[%emt 00:00:15]} Re8 {[%clk 00:17:43]} {[%emt 00:05:47]} 25. Nxd5 {[%clk
00:03:06]} {[%emt 00:02:59]} Bd6 {[%clk 00:16:51]} {[%emt 00:01:22]} 26. Ng4
{[%clk 00:03:03]} {[%emt 00:00:32]} Ne4 {[%clk 00:14:29]} {[%emt 00:02:51]} 27.
Rb1 {[%clk 00:00:37]} {[%emt 00:02:58]} Bxe2 {[%clk 00:09:58]} {[%emt
00:05:01]} 28. Nge3 {[%clk 00:00:56]} {[%emt 00:00:10]} Nxc3 {[%clk 00:09:21]}
{[%emt 00:01:06]} 29. Nxc3 {[%clk 00:01:25]} {[%emt 00:00:02]} Bf3 {[%clk
00:09:02]} {[%emt 00:00:49]} 30. Nc4 {[%clk 00:01:06]} {[%emt 00:00:50]} Bc5
{[%clk 00:03:19]} {[%emt 00:06:12]} 31. Nxa5 {[%clk 00:01:19]} {[%emt
00:00:18]} Bxa3 {[%clk 00:03:15]} {[%emt 00:00:33]} 32. Nxb7 {[%emt 00:01:12]}
Rb8 {[%clk 00:02:23]} {[%emt 00:01:20]} 33. Na5 {[%clk 00:00:32]} {[%emt
00:00:38]} Rxb1+ {[%clk 00:02:37]} {[%emt 00:00:16]} 34. Nxb1 {[%clk 00:01:01]}
{[%emt 00:00:01]} Bb4 {[%clk 00:02:52]} {[%emt 00:00:14]} 35. Nc4 {[%clk
00:00:51]} {[%emt 00:00:39]} Be4 {[%clk 00:02:49]} {[%emt 00:00:32]} 36. Nbd2
{[%clk 00:01:07]} {[%emt 00:00:15]} Bxd2 {[%emt 00:00:21]} 1/2-1/2

[Event "Amsterdam Science Park 2023"]
[Site "Science Park, Amsterdam, Netherlands"]
[Date "2023.07.17"]
[Round "3.10"]
[White "Van der Lubben, Arno"]
[Black "Van der Poel, Henk"]
[Result "0-1"]
[WhiteElo "1904"]
[BlackElo "2211"]

1. d4 {[%clk 00:53:51]} {[%emt 00:37:08]} Nf6 {[%clk 01:30:37]} {[%emt
00:00:22]} 2. c4 {[%clk 00:54:02]} {[%emt 00:00:19]} e6 {[%clk 01:30:56]}
{[%emt 00:00:11]} 3. Nc3 {[%clk 00:54:27]} {[%emt 00:00:06]} Bb4 {[%clk
01:31:07]} {[%emt 00:00:17]} 4. Qc2 {[%clk 00:54:53]} {[%emt 00:00:05]} O-O
{[%clk 01:31:20]} {[%emt 00:00:17]} 5. e4 {[%clk 00:55:21]} {[%emt 00:00:03]}
d6 {[%clk 01:29:06]} {[%emt 00:02:43]} 6. Bd3 {[%clk 00:55:23]} {[%emt
00:00:28]} e5 {[%clk 01:25:00]} {[%emt 00:04:35]} 7. a3 {[%clk 00:50:00]}
{[%emt 00:05:55]} Bxc3+ {[%clk 01:24:44]} {[%emt 00:00:45]} 8. bxc3 {[%clk
00:50:14]} {[%emt 00:00:16]} c5 {[%clk 01:20:22]} {[%emt 00:04:51]} 9. Ne2
{[%clk 00:50:40]} {[%emt 00:00:05]} Nc6 {[%clk 01:17:58]} {[%emt 00:02:53]} 10.
d5 {[%clk 00:35:39]} {[%emt 00:15:33]} Ne7 {[%clk 01:17:36]} {[%emt 00:00:51]}
11. Bg5 {[%clk 00:34:05]} {[%emt 00:02:05]} Ne8 {[%clk 01:15:14]} {[%emt
00:02:52]} 12. Ng3 {[%clk 00:33:53]} {[%emt 00:00:42]} h6 {[%clk 01:09:29]}
{[%emt 00:06:14]} 13. Be3 {[%clk 00:33:44]} {[%emt 00:00:39]} Ng6 {[%clk
01:06:36]} {[%emt 00:03:23]} 14. Nf5 {[%clk 00:33:51]} {[%emt 00:00:23]} Nh4
{[%clk 00:47:19]} {[%emt 00:19:47]} 15. O-O {[%clk 00:32:05]} {[%emt 00:02:17]}
Nxf5 {[%clk 00:46:29]} {[%emt 00:01:20]} 16. exf5 {[%clk 00:32:29]} {[%emt
00:00:06]} Nf6 {[%clk 00:46:17]} {[%emt 00:00:41]} 17. h3 {[%clk 00:32:07]}
{[%emt 00:00:53]} Re8 {[%clk 00:36:30]} {[%emt 00:10:17]} 18. Be4 {[%clk
00:26:04]} {[%emt 00:06:34]} Nh5 {[%clk 00:27:49]} {[%emt 00:09:10]} 19. Kh2
{[%clk 00:19:23]} {[%emt 00:07:11]} Nf6 {[%clk 00:27:28]} {[%emt 00:00:51]} 20.
f3 {[%clk 00:19:40]} {[%emt 00:00:14]} Bd7 {[%clk 00:24:33]} {[%emt 00:03:24]}
21. Bd3 {[%clk 00:19:54]} {[%emt 00:00:16]} b5 {[%clk 00:24:19]} {[%emt
00:00:44]} 22. cxb5 {[%clk 00:16:01]} {[%emt 00:04:24]} Nxd5 {[%clk 00:24:30]}
{[%emt 00:00:17]} 23. Bd2 {[%clk 00:15:21]} {[%emt 00:01:11]} Nf4 {[%clk
00:19:03]} {[%emt 00:05:57]} 24. Bxf4 {[%clk 00:10:32]} {[%emt 00:05:19]} exf4
{[%clk 00:19:31]} {[%emt 00:00:01]} 25. c4 {[%clk 00:10:55]} {[%emt 00:00:08]}
Qg5 {[%clk 00:16:51]} {[%emt 00:03:09]} 26. Be4 {[%clk 00:11:08]} {[%emt
00:00:18]} d5 {[%clk 00:15:38]} {[%emt 00:01:43]} 27. cxd5 {[%clk 00:11:12]}
{[%emt 00:00:27]} Bxb5 {[%clk 00:15:57]} {[%emt 00:00:09]} 28. Rfb1 {[%clk
00:10:06]} {[%emt 00:01:37]} Bd7 {[%clk 00:15:58]} {[%emt 00:00:29]} 29. d6
{[%clk 00:09:34]} {[%emt 00:01:02]} Rad8 {[%clk 00:13:51]} {[%emt 00:02:36]} 30.
Qxc5 {[%clk 00:09:30]} {[%emt 00:00:35]} Rc8 {[%clk 00:12:48]} {[%emt
00:01:33]} 31. Qxa7 {[%clk 00:08:22]} {[%emt 00:01:38]} Rxe4 {[%clk 00:08:51]}
{[%emt 00:04:27]} 32. fxe4 {[%clk 00:03:27]} {[%emt 00:05:26]} Qg3+ {[%clk
00:09:13]} {[%emt 00:00:08]} 33. Kh1 {[%clk 00:02:55]} {[%emt 00:01:02]} Rc2
{[%clk 00:09:36]} {[%emt 00:00:07]} 34. Qa8+ {[%clk 00:03:03]} {[%emt
00:00:23]} Kh7 {[%clk 00:10:04]} {[%emt 00:00:02]} 35. e5 {[%clk 00:03:29]}
{[%emt 00:00:04]} Bc6 {[%clk 00:10:08]} {[%emt 00:00:26]} 36. Qxc6 {[%clk
00:03:44]} {[%emt 00:00:16]} Rxc6 {[%clk 00:10:36]} {[%emt 00:00:01]} 37. Ra2
{[%clk 00:00:36]} {[%emt 00:03:38]} Qd3 {[%clk 00:08:11]} {[%emt 00:02:54]} 0-1

[Event "Amsterdam Science Park 2023"]
[Site "Science Park, Amsterdam, Netherlands"]
[Date "2023.07.17"]
[Round "3.11"]
[White "Honkoop, Gilian"]
[Black "Manshanden, Nick"]
[Result "1/2-1/2"]
[WhiteElo "2193"]
[BlackElo "2059"]

1. Nf3 {[%clk 01:30:36]} {[%emt 00:00:18]} Nf6 {[%clk 01:30:40]} {[%emt
00:00:25]} 2. c4 {[%clk 01:31:01]} {[%emt 00:00:05]} g6 {[%clk 01:30:56]}
{[%emt 00:00:14]} 3. Nc3 {[%clk 01:31:00]} {[%emt 00:00:30]} Bg7 {[%clk
01:31:19]} {[%emt 00:00:07]} 4. e4 {[%clk 01:31:18]} {[%emt 00:00:12]} d6
{[%clk 01:31:40]} {[%emt 00:00:09]} 5. d4 {[%clk 01:31:28]} {[%emt 00:00:20]}
O-O {[%clk 01:31:45]} {[%emt 00:00:25]} 6. Be2 {[%clk 01:31:44]} {[%emt
00:00:14]} Nbd7 {[%clk 01:31:01]} {[%emt 00:01:14]} 7. O-O {[%clk 01:31:35]}
{[%emt 00:00:39]} e5 {[%clk 01:31:27]} {[%emt 00:00:05]} 8. d5 {[%clk
01:25:02]} {[%emt 00:07:03]} Nc5 {[%clk 01:31:01]} {[%emt 00:00:56]} 9. Qc2
{[%clk 01:25:25]} {[%emt 00:00:07]} a5 {[%clk 01:31:21]} {[%emt 00:00:10]} 10.
Ne1 {[%clk 01:24:44]} {[%emt 00:01:10]} b6 {[%clk 01:22:47]} {[%emt 00:09:06]}
11. b3 {[%clk 01:20:48]} {[%emt 00:04:25]} Bd7 {[%clk 01:20:58]} {[%emt
00:02:19]} 12. f3 {[%clk 01:03:33]} {[%emt 00:17:44]} Nh5 {[%clk 01:17:02]}
{[%emt 00:04:27]} 13. Be3 {[%clk 01:02:08]} {[%emt 00:01:53]} f5 {[%clk
01:13:12]} {[%emt 00:04:22]} 14. a3 {[%clk 00:49:38]} {[%emt 00:13:00]} f4
{[%clk 01:06:02]} {[%emt 00:07:40]} 15. Bf2 {[%clk 00:46:39]} {[%emt 00:03:28]}
Qg5 {[%clk 01:04:14]} {[%emt 00:02:18]} 16. Nd3 {[%clk 00:31:21]} {[%emt
00:15:48]} Bh3 {[%clk 01:00:27]} {[%emt 00:04:17]} 17. Ne1 {[%clk 00:31:46]}
{[%emt 00:00:04]} Bd7 {[%clk 00:47:55]} {[%emt 00:13:03]} 18. Nd3 {[%clk
00:28:40]} {[%emt 00:03:36]} Bh3 {[%clk 00:39:37]} {[%emt 00:08:48]} 19. Ne1
{[%clk 00:28:54]} {[%emt 00:00:16]} Bd7 {[%clk 00:40:02]} {[%emt 00:00:05]} 20.
Nd3 {[%clk 00:29:12]} {[%emt 00:00:12]} 1/2-1/2